Handbook of package design research /

Bibliographic Details
Other Authors: Stern, Walter, 1913-
Format: Book
Language:English
Published: New York : Wiley, [1981]
Subjects:

MARC

Tag First Indicator Second Indicator Subfields
LEADER 00000pam a2200000 a 4500
001 in00000090330
005 20151008063637.0
008 801114s1981 nyua b 00100 engm
010 |a  80039935  
020 |a 0471059013 :  |c $42.50 (est.) 
035 |a (OCoLC)07172691 
035 |9 AAK2651AM 
040 |a DLC  |c DLC  |d m.c.  |d TXA  |d UtOrBLW 
049 |a TXAM  |c [1361613] 
050 0 0 |a HF5770  |b .H27 
082 0 |a 658.5/64/072  |2 19 
245 0 0 |a Handbook of package design research /  |c edited by Walter Stern. 
264 1 |a New York :  |b Wiley,  |c [1981] 
264 4 |c ©1981 
300 |a xiii, 576 pages :  |b illustrations ;  |c 26 cm. 
336 |a text  |b txt  |2 rdacontent 
337 |a unmediated  |b n  |2 rdamedia 
338 |a volume  |b nc  |2 rdacarrier 
500 |a "A Wiley-Interscience publication." 
504 |a Includes bibliographical references and index. 
650 0 |a Packaging. 
650 0 |a Industrial design. 
650 0 |a Marketing research. 
700 1 |a Stern, Walter,  |d 1913- 
999 |a MARS 
999 f f |s ac26adb1-8d5c-3253-81fb-a8882f885ffc  |i d934f905-9201-309f-ad27-0525feb979ee  |t 0 
952 f f |p ric  |a Texas A&M University  |b Rellis Campus  |c Joint Library Facility  |d Remote Storage  |t 0  |e HF5770 .H27  |h Library of Congress classification  |i unmediated -- volume  |m A14806136563 
998 f f |a HF5770 .H27  |t 0  |l Remote Storage